| 000 | 00576nam a2200229 a 4500 | ||
|---|---|---|---|
| 999 |
_c10085 _d10085 |
||
| 001 | 10085 | ||
| 003 | BD-JhCC | ||
| 005 | 20180919122323.0 | ||
| 008 | 180417s xxu |||| | || 000 0 eng d | ||
| 035 | _a(BD-JhCC)10085 | ||
| 040 |
_aBD-JhCC _dBD-JhCC |
||
| 041 | _aeng | ||
| 082 |
_a297.1226 _bALI |
||
| 100 | _aAli, Abdullah Yusuf | ||
| 245 |
_aThe Meaning of the Glorious Qur'an / _cAbdullah Yusuf Ali, |
||
| 260 |
_aLebanon : _bDar Al-Kitab Al-Masri, |
||
| 300 |
_a924 p. : _c23 cm. |
||
| 650 | _aQur'an | ||
| 650 | _aIslam | ||
| 942 |
_2ddc _cBK |
||